000 00599nam a2200193Ia 4500
005 20250508163319.0
008 008 250505s9999 xx 000 0 eng d
037 _aDissertations
040 _aFEDL
_beng
_cFEDL
041 _aeng
_2eng
084 _a379.11, PAW/DI
_qFEDL
100 _aPawan Kumar
245 0 _aCost and financing of school education: A case study of a government aided senior secondary school of Delhi
260 _c1988
300 _a45p.
546 _aM. Ed. Dissertation (Delhi University)
942 _cDIS
_h379.11, PAW/DI
999 _c1382263
_d1382263